LEADER 00855nam a2200205 4500 001 000000345995 003 CaOOAMICUS 005 20210513152138.0 008 210513s1903 it 000 u ita r 040 $aSeMil$bita 100 1 $aGallarati Scotti, Tommaso,$d<1878-1966>.$0(OLS)http://semarc/name/35356 245 12$aI piccoli martiri : $bdelle vetrerie francesi /$cF. Tommaso Gallarati Scotti. 264 1$aFirenze :$bRassegna Nazionale,$c1903. 300 $a20 p. ;$c24 cm 650 4$aOperai - Francia.$0(OLS)http://semarc/subject/11382 850 $aSeMil 852 $aSeMil$W1$xVenegono$y1$m5A III 6/4$j226052$B237036$CSeMilBibl$Z2$F237036 $81 996 $6245$aI piccoli martiri : $bdelle vetrerie francesi$9(OLS)http://semarc/title/435185 996 $6264$aFirenze :$bRassegna Nazionale$9(OLS)http://semarc/publisher/52371 LEADER 01026nam a2200241 i 4500 001 000000197382 003 CaOOAMICUS 005 20211022135911.0 008 110210s1826 it u000 u ita u 013 $a176069 026 $ahep- ciui cata tule (3) 1826 (R) 040 $aSeMil$bita 100 1 $aVirey, Julien Joseph,$d<1775-1846>.$0(OLS)http://semarc/name/71455 245 10$aDella natura e de' suoi regni. Discorso del signor Virey autore della Storia del genere umano. 264 1$aLugo :$bpresso Melandri,$c1826. 300 $a65 p. ;$c8°. 700 1 $aMelandri, Giovanni,$c.$0(OLS)http://semarc/name/71456 773 0 $t[Miscellanea.$w()24276 850 $aSeMil 852 $aSeMil$W1$xVenegono$y1$m5A I 19/3 FA$j147941$B147941$CSeMilBibl$Z2$F159396 $8I 996 $6245$aDella natura e de' suoi regni. Discorso del signor Virey autore della Storia del genere umano$9(OLS)http://semarc/title/284998 996 $6264$aLugo :$bpresso Melandri$9(OLS)http://semarc/publisher/50979